Statystyki dla Jaki to piłkarz? #8

Kliknij tutaj aby rozwiązać quiz!

Ogólne statystyki

  • Ten quiz został rozwiązany 43 razy
  • Średni wynik to 10 z 15

Statystyki odpowiedzi

OpisOdpowiedź% Poprawnych
Żywiołowy pomocnik, wychowanek Lecha Poznań. Swój debiut reprezentacyjny zaliczył 4 września 2020 roku przeciwko Holandii. W tym samym roku podpisał kontrakt z angielską drużyną.Jakub Moder
95%
Energiczny napastnik, wywodzący się z Ameryki Południowej. W klubie tworzy niezwykle bramkostrzelny duet z belgijskim snajperem. Jeden z najlepszych napastników Serie A.Lautaro Martinez
75%
Portugalczyk, który mimo młodego wieku zdążył zagrać w kilku poważnych klubach. W swoim CV ma między innymi grę w Atletico czy Wolverhampton. Od 2020 roku podopieczny Jurgena Kloppa.Diogo Jota
75%
30-letni zawodnik środka pola. W 2016 roku został Mistrzem Anglii. W tym samym roku został sprzedany do londyńskiego klubu za 38 milionów, gdzie co sezon jest wypożyczany do innej drużyny. Ma charakterystyczne nazwisko.Danny Drinkwater
70%
Były skrzydłowy takich drużyn jak QPR czy Sampdoria. W sezonie 19/20 został Mistrzem Polski.Paweł Wszołek
70%
Czarnoskóry skrzydłowy, były zawodnik Monaco. Od 2018 roku reprezentuje barwy klubu z Madrytu. W sezonie 18/19 zdobył ze swoją drużyną Superpuchar UEFA.Thomas Lemar
68%
Kameruńsko-niemiecki napastnik. W swojej karierze grał m.in. w Hamburgu, Schalke czy Stoke City. Dwukrotnie został Mistrzem Francji, a w 2020 roku przeniósł się ponownie do Bundesligi. Z jedną ze swoich drużyn doszedł do finału Ligi Mistrzów, który ostatecznie przegrali.Eric Maxim Choupo-Moting
68%
Bardzo doświadczony Holender. Główny umysł środka pola. Grał m.in. w PSV czy Romie. Od 2018 roku zawodnik Marsylii.Kevin Strootman
68%
Angielski obrońca z paszportem Demokratycznej Republiki Konga. Piłkarsko wychował się w Crystal Palace, skąd przeszedł do jednego z najlepszych klubów Premier League. Obecnie ma 23 lata.Aaron Wan-Bissaka
65%
Włoch, który od 2015 roku gra w swoim obecnym klubie. Były kolega z drużyny Kamila Glika. Kapitan swojego zespołu. W reprezentacji, jak i w klubie, gra z "9" na plecach.Andrea Belotti
65%
Brytyjski defensor, wychowanek Leicester City. W letnim oknie transferowym 2020 roku przeszedł do londyńskiej drużyny za 50 milionów euro. Uważany za ogromny talent i przyszłość obrony reprezentacji Anglii.Ben Chilwell
63%
Doświadczony, utytułowany kolumbijski piłkarz. W swoim dorobku ma m.in. dwukrotne zdobycie Ligi Europy z tą samą drużyną, triumf w Superpucharze Włoch czy dwukrotne uczestnictwo na Mistrzostwach Świata. Obecnie zakontraktowany w "żółtej łodzi podwodnej".Carlos Bacca
55%
Marokański pomocnik z usposobieniem ofensywnym. Przez 12 lat grał na angielskich boiskach, występując m.in. w QPR, Tottenhamie czy Fulham. Zaliczył również dwa średnio udane epizody w Serie A - w Milanie oraz Genoi. Wraz z 2015 rokiem stał się zawodnikiem portugalskiej Benfici.Adel Taarabt
53%
Niemiecko-turecki zawodnik, wychowanek Stuttgartu. Przez pół dekady grał w hiszpańskiej drużynie, z która zdobył Ligę Mistrzów. 5-krotny Mistrz Włoch, Mistrz Świata z 2014 roku oraz zdobywca Superpucharu Europy.Sami Khedira
48%
Niezwykle utytułowany holenderski skrzydłowy. Debiut w reprezentacji zaliczył w 2005 roku. W swoich latach świetności trzykrotnie uczestniczył w Lidze Mistrzów ze swoją angielską drużyną. Największą ilość tytułów święcił w barwach Ajaxu Amsterdam. Ostatnie lata kariery spędza w Turcji, gdzie z powodzeniem zdobywa kolejne triumfy.Ryan Babel
38%

Rozkład punktacji

Percentyl według liczby udzielonych odpowiedzi

Procent ludzi z każdym wynikiem

Twoja historia wyników

Nie rozwiązałeś tego quizu